Finish the rap title - Statistics

General Stats
  • This quiz has been taken 89 times
  • The average score is 9 of 20
Answer Stats
Artist Title Last Word in Title % Correct
J. Cole No Role Modelz
88%
2Pac Life Goes On
80%
Dr Dre Still DRE
74%
Drake Nice For What
66%
Frank Ocean White Ferrari
64%
21 Savage a lot
63%
Kendrick Lamar Money Trees
63%
Kanye West Jesus Walks
53%
J. Cole Love Yourz
46%
Eminem Sing For The Moment
41%
50 Cent Get In My Car
39%
Lil Baby Pure Cocaine
38%
Gucci Mane I Get The Bag
36%
A$AP Rocky Jukebox Joints
34%
Baby Keem range brothers
29%
Lil Tecca NEVER LEFT
20%
Juice WRLD Who Shot Cupid
18%
6lack Pretty Little Fears
13%
Mac Miller What's the use
11%
Little Simz No Merci
4%
No matching quizzes found
Score Distribution
Percent of People with Each Score
Percentile by Number Answered
Your Score History
You have not taken this quiz